Magical Memoirs: (Record no. 191045)

MARC details
000 -LEADER
fixed length control field 00573nam a22001817a 4500
005 - DATE AND TIME OF LATEST TRANSACTION
control field 20220817170051.0
010 ## - LCCN (DPL NO)
LC control number ENG-134477
020 ## - INTERNATIONAL STANDARD BOOK NUMBER
International Standard Book Number 9789386302496
Terms of availability 495.00
035 ## - SYSTEM CONTROL NUMBER
System control number EN-118009
037 ## - SOURCE OF ACQUISITION
Source of stock number/acquisition DBAD/PUB
082 ## - DEWEY DECIMAL CLASSIFICATION NUMBER
Classification number 954.165
100 ## - MAIN ENTRY--PERSONAL NAME
Personal name Ashraf, Syeda Sakina
245 ## - TITLE STATEMENT
Title Magical Memoirs:
Remainder of title Nagaland 40 years Ago/
Statement of responsibility, etc Syeda Sakina Ashraf
260 ## - PUBLICATION, DISTRIBUTION, ETC. (IMPRINT)
Place of publication, distribution, etc Assam
Name of publisher, distributor, etc EBH Publishers
Date of publication, distribution, etc 2018
270 ## - ADDRESS
Address 136, M.L. Nehru Road, Panbazar
City Guwahati
Postal code 781001
Electronic mail address easternbookhouse@gmail.com
300 ## - PHYSICAL DESCRIPTION
Extent xiv, 88p.
Dimensions 22cm(hb)
942 ## - ADDED ENTRY ELEMENTS (KOHA)
Source of classification or shelving scheme Dewey Decimal Classification
Item type English Books
Classification part 954.165
Call number suffix ASH
Holdings
Withdrawn status Lost status Not for loan Collection code Home library Current library Date acquired Source of acquisition Cost, normal purchase price Full call number Barcode Copy number Cost, replacement price Koha item type
      Non-fiction Ashok Vihar Ashok Vihar 17/08/2022 DBAD/PUB 495.00 954.165 ASH EN-118009 1 495.00 English Books

© Delhi Public Library
Hit Counter
free hit counter